00578nam a22001457a 4500003000400000005001700004008004100021040001400062100002500076245011700101260001000218300002900228500014400257504003100401OSt20171010095447.0120620t xxu||||| |||| 00| 0 eng d aMMSUcULS aDumaoal, Rozalie C.  aEvaluation of the farmers field school on integrated pest management for off-season mango in Paoay, Ilocos Norte c2007  axiii, 49 leaves c28 cm. aThesis (BS Development Communication) -- Mariano Marcos State University-College of Agriculture, Food & Sustainable Development, Batac City aBibliography: leaves 40-42